000 01117cam a22003374a 4500
001 14908387
003 EG-ScBUE
005 20221213120608.0
008 070608t2006 gw a f 000 0 eng d
020 _a9783822851470 (pbk.)
020 _a3822851477 (pbk.)
035 _a(GyWOH)har050117345
040 _aDLC
_beng
_erda
_cDLC
_dDLC
_dEG-ScBUE
041 0 _aeng
_afre
_ager
082 0 4 _222
_a728
_bCON
245 0 0 _aConverted Spaces =
_bConvertir l'espace = Verwandelte raume
_c[editor, Simone Schleifer].
246 3 1 _aConvertir l'espace
246 3 1 _aVerwandelte raume
264 1 _aKoln :
_bEvergreen,
_c[2006]
264 4 _cc2006
300 _a380 pages :
_billustrations ;
_c25 cm
546 _aEnglish, French, and German.
650 7 _aBuildings
_xRemodeling for other use.
_2BUEsh
650 7 _aInterior architecture.
_2BUEsh
653 _bENGARC
655 _vReading book
700 1 _aSchleifer, Simone,
_eeditor.
856 4 1 _3Table of contents
_uhttp://www.loc.gov/catdir/toc/fy0716/2007451400.html
942 _2ddc
_cBB
999 _c10827
_d10827